| 000 | 00451cam a2200193 4500 | ||
|---|---|---|---|
| 001 | D13529 | ||
| 008 | 090401t1935 xxu||||| |||| 00| 0 eng d | ||
| 035 | _a(Sirsi) u10167 | ||
| 041 | _aeng | ||
| 100 | _aNokes, W.F. | ||
| 245 | _aHow to become an auctioneer and estate agent | ||
| 250 | _a3rd | ||
| 260 |
_bSir Isaac Pitman & Sons _c1935 |
||
| 350 | _a0 | ||
| 520 | _aShelf 132 | ||
| 700 | _aMcIntyre, D. | ||
| 942 | _n0 | ||
| 948 | _c04/03/1997 | ||
| 999 |
_c86712 _d86712 |
||